| 000 | 00847cam a2200277 | 4500 | ||
|---|---|---|---|
| 999 |
_c4909 _d4909 |
||
| 003 | CaAEU | ||
| 005 | 20220330115657.0 | ||
| 008 | 073080m19779999nyu b 0 eng x | ||
| 020 | _a0070325022 | ||
| 040 | _cALUPE UNIVERSITY | ||
| 049 | _aaeu | ||
| 050 | 0 |
_aRB 43 _b.E38 1977 |
|
| 090 | 0 |
_aRB 43 E38 1977 _bAEU |
|
| 245 | 0 | 0 |
_aElectron microscopy in human medicine / _cedited by Jan Vincents Johannessen. |
| 260 |
_aNew York : _bMcGraw-Hill International Book Co., _cc1977- |
||
| 300 |
_av. : _bill. ; _c29 cm. |
||
| 336 |
_atext _btxt _2rdacontent |
||
| 337 |
_aunmediated _bn _2rdamedia |
||
| 338 |
_avolume _bnc _2rdacarrier |
||
| 500 | _aTITLE ANALYTICS. | ||
| 504 | _aIncludes bibliographical references. | ||
| 650 | 0 | _aElectron microscopy. | |
| 650 | 0 | _aMedical microscopy. | |
| 700 | 1 | _aJohannessen, Jan Vincents. | |
| 942 |
_2lcc _cBK |
||